Normal view
MARC view
- Technology
Entry Topical Term
001 - CONTROL NUMBER
- control field: 45840
003 - CONTROL NUMBER IDENTIFIER
- control field: NUST
005 - DATE AND TIME OF LATEST TRANSACTION
- control field: 20210314133346.0
008 - FIXED-LENGTH DATA ELEMENTS
- fixed length control field: 210314|| aca||aabn | a|a d
040 ## - CATALOGING SOURCE
- Original cataloging agency: NUST
- Transcribing agency: NUST
150 ## - HEADING--TOPICAL TERM
- Topical term or geographic name entry element: Technology
- General subdivision: Language
670 ## - SOURCE DATA FOUND
- Source citation: Work cat.: (NUST): Williams, George Edward. 45839, Technical literature,, [1948]
